000 00962nas a2200325 4500
001 BR0703593
003 BR-BrBNA
005 20231205110912.0
007 ta
008 230509b bl.|||p| |||| 00| 00por d
040 _aBR-BrBNA
_bpor
_cBiblioteca Nacional de Agricultura
041 _a(Pt)
072 _aP10
100 1 _aZinato, C.E.
100 1 _aDeniculi, W.
100 1 _aSouza, J.A.R. de
100 1 _aBatista, R.O.
100 1 _aMatos, A.T. de
100 1 _aOliveira, R.A. de
100 1 _aFerreira, D.C.
100 1 _aSoares, E.C.
245 1 _aCaracterização reológica de água residuária de galinhas poedeiras
650 _aGALINHA PARA POSTURA
650 _aÁGUAS RESIDUAIS
650 _aVISCOSIDADE
650 _aPROPRIEDADE REOLÓGICA
773 0 _tEngenharia na Agricultura (Brazil)
_xISSN 1414-3984
_g(Apr-Jun 2007), v. 15(2) p. 179-187
_wBR0703593
909 _a202311
_bLúcia
_c55
_dLúcia Elande
942 _2AGRIS
_n0
_cANA
999 _c189677
_d189677